| 000 | 00594nam a2200169 i 4500 | ||
|---|---|---|---|
| 001 | 131290 | ||
| 003 | ES-MaACL | ||
| 005 | 20230906193944.0 | ||
| 007 | t| | ||
| 008 | 070214s1908 sp r ||||1| spa d | ||
| 100 | 1 |
_aRodríguez García, Calixto. _998218 |
|
| 245 | 1 | 0 |
_aEn advertencia debida y defensa obligada _b: resumen de mi gestión en "La Unión Resinera Española" / _cpor Calixto Rodríguez. |
| 260 |
_aMadrid : _b[s.n.], _c1908 ( _fImp. de José Perales y Martínez) |
||
| 300 |
_a78 p. ; _c23 cm. |
||
| 610 | 2 | 4 |
_aUnión Resinera Española. _9162446 |
| 852 |
_aES-MaACL _jT-1194-F-4 |
||
| 999 |
_c131290 _d131290 |
||